Statistiken für Nordische Länder - Quiz

Klicken Sie hier um das Quiz zu spielen!

Allgemein

  • Dieses Quiz wurde 109 mal gespielt
  • Das Durchschnittsergebnis liegt bei 18 aus 27

Antwortstatistiken

HintAntwort% Korrekt
LänderSchweden
100%
LänderDänemark
99%
LänderFinnland
99%
LänderIsland
99%
LänderNorwegen
99%
HauptstädteHelsinki
98%
HauptstädteOslo
98%
HauptstädteStockholm
98%
NachbarländerRussland
97%
HauptstädteKopenhagen
95%
MeereNordsee
94%
MeereOstsee
94%
OzeaneAtlantik
90%
HauptstädteReykjavík
89%
NachbarländerDeutschland
84%
Zweitgrößte StädteBergen
69%
Zweitgrößte StädteGöteborg
62%
OzeaneArktik
59%
Autonome GebieteGrönland
56%
Zweitgrößte StädteAarhus
43%
Autonome GebieteFäröer
36%
Zweitgrößte StädteEspoo
20%
Autonome GebieteÅland
18%
MeereBarentssee
13%
MeereEuropäische Nordmeer
6%
Zweitgrößte StädteKopavogur
6%
MeereGrönlandsee
1%

Verteilung der Resultate

Perzentil nach korrekt beantworteten Fragen

Anzahl Personen mit jedem Resultat

Ihre Resultats-Entwicklung

Sie haben dieses Quiz noch nicht gespielt